Sociology of health and medicine : (Record no. 88981)

MARC details
000 -LEADER
fixed length control field 00655nam a22002057a 4500
005 - DATE AND TIME OF LATEST TRANSACTION
control field 20140926145314.0
010 ## - LCCN (DPL NO)
LC control number ENG-110953
020 ## - INTERNATIONAL STANDARD BOOK NUMBER
International Standard Book Number 9780198099130
Terms of availability 995.00
020 ## - INTERNATIONAL STANDARD BOOK NUMBER
International Standard Book Number 0198099134
Terms of availability 995.00
035 ## - SYSTEM CONTROL NUMBER
System control number EN-94485
037 ## - SOURCE OF ACQUISITION
Source of stock number/acquisition DBAD/PUB
082 ## - DEWEY DECIMAL CLASSIFICATION NUMBER
Classification number 306.46
100 ## - MAIN ENTRY--PERSONAL NAME
Personal name Sujatha, V.
245 ## - TITLE STATEMENT
Title Sociology of health and medicine :
Statement of responsibility, etc by V. Sujatha
Remainder of title new perspectives /
260 ## - PUBLICATION, DISTRIBUTION, ETC. (IMPRINT)
Place of publication, distribution, etc New Delhi
Name of publisher, distributor, etc Oxford University Press
Date of publication, distribution, etc 2014
270 ## - ADDRESS
Address YMCA Library Building, 1 Jai Singh
City New Delhi
Postal code 110020
300 ## - PHYSICAL DESCRIPTION
Extent xix,332p.
Dimensions 22cm(Hb)
500 ## - GENERAL NOTE
General note Includes bibliographical references and index
942 ## - ADDED ENTRY ELEMENTS (KOHA)
Source of classification or shelving scheme Dewey Decimal Classification
Item type English Books
Call number suffix SUJ
Classification part 306.46
Holdings
Withdrawn status Lost status Not for loan Collection code Home library Current library Date acquired Source of acquisition Cost, normal purchase price Full call number Barcode Copy number Cost, replacement price Koha item type
    Not For Loan Non-fiction D.B.Act.Division D.B.Act.Division 26/09/2014 DBAD/PUB 995.00 306.46 SUJ EN-94485 1 995.00 English Books

© Delhi Public Library
Hit Counter
free hit counter